<?xml version="1.0" encoding="UTF-8"?>
<marc:record xmlns:marc="http://www.loc.gov/MARC21/slim">
   <marc:leader>00000nam a2200000 a 4500</marc:leader>
   <marc:datafield ind1="1" ind2=" " tag="100">
      <marc:subfield code="a">Deutsch, Libby ::[VerfasserIn]::</marc:subfield>
      <marc:subfield code="4">aut</marc:subfield>
      <marc:subfield code="e">Verfasser/-in</marc:subfield>
   </marc:datafield>
   <marc:datafield ind1="1" ind2=" " tag="100">
      <marc:subfield code="a">Reit, Birgit :</marc:subfield>
   </marc:datafield>
   <marc:datafield ind1="1" ind2=" " tag="100">
      <marc:subfield code="a">Kerttula, Valpuri :</marc:subfield>
   </marc:datafield>
   <marc:datafield ind1="0" ind2="0" tag="245">
      <marc:subfield code="a">Wie kommt die Milch in die Tüte?</marc:subfield>
   </marc:datafield>
   <marc:datafield ind1="0" ind2="0" tag="245">
      <marc:subfield code="b">der Kreislauf alltäglicher Dinge</marc:subfield>
   </marc:datafield>
   <marc:datafield ind1="0" ind2="0" tag="245">
      <marc:subfield code="c">Text: Libby Deutsch ; Illustrationen: Valpuri Kerttula ; Übersetzung: Birgit Reit</marc:subfield>
   </marc:datafield>
   <marc:datafield ind1=" " ind2="1" tag="264">
      <marc:subfield code="a">München</marc:subfield>
      <marc:subfield code="b">dk-Verlag</marc:subfield>
      <marc:subfield code="c">2020</marc:subfield>
   </marc:datafield>
   <marc:datafield ind1="1" ind2=" " tag="520">
      <marc:subfield code="a">Unser Alltag funktioniert meist reibungslos und vieles wird als selbstverständlich angesehen. Das Wasser kommt aus dem Hahn, der Strom aus der Steckdose, die Milch aus der Tüte. Wir erhalten Briefe, verschicken E-Mails, telefonieren. Wir essen Schokolade, lesen Bücher, schalten das Licht ein. Aber wie funktioniert das alles genau? Was passiert zwischen der Herstellung eines Produktes bis zu dem Zeitpunkt, da es kaufbereit im Supermarktregal landet? Wie wird aus Baumwolle eine Jeans, wie entsteht ein Film, wer sorgt dafür, dass wir etwas im Internet bestellen können? Auf je einer Doppelseite wird jeder Schritt, den ein Projekt bis zur Fertigstellung braucht, jede Produktionsstufe, die durchlaufen wird, mit vielen farbigen Zeichnungen versehen, dargestellt. So wird auf anschauliche Weise erläutert, dass jedes Ding einen eigenen Kreislauf hat, und wie vieles ineinandergreifen muss, damit unser Alltag erleichtert wird. Das übersichtliche, aussagekräftige Inhaltsverzeichnis erlaubt gezielte Zugriffe. Thematisch enger gefasst ist "Wo kommt das her?". Für alle, besonders für Schulbibliotheken. Ab 8</marc:subfield>
   </marc:datafield>
   <marc:datafield ind1=" " ind2=" " tag="020">
      <marc:subfield code="a">9783831039708</marc:subfield>
      <marc:subfield code="9">9783831039708</marc:subfield>
   </marc:datafield>
   <marc:datafield ind1=" " ind2=" " tag="020">
      <marc:subfield code="a">3831039704</marc:subfield>
      <marc:subfield code="9">3831039704</marc:subfield>
   </marc:datafield>
   <marc:datafield ind1="3" ind2=" " tag="024">
      <marc:subfield code="a">9783831039708</marc:subfield>
   </marc:datafield>
   <marc:datafield ind1=" " ind2=" " tag="300">
      <marc:subfield code="a">47 Seiten : Illustrationen</marc:subfield>
   </marc:datafield>
</marc:record>
